000 00358cam a22001097a 4500
008 180718b1954 xxu||||| |||| 00| 0 eng d
082 _aB73x54 R18
100 _aRao, A.V.Raman
245 _aStructure and working of viillage panchayats: a survey based on case in Bombay and Madras
_cby A.V.Raman Rao
260 _aPoona
_bD.R. Gadgil
_c1954
300 _axvi, 218p
999 _c422447
_d422447